Statistics for Characters from the Shadowhunter World

Click here to take the quiz!

General Stats

  • This quiz has been taken 421 times
    (420 since last reset)
  • The average score is 120 of 213

Answer Stats

HintFirst Name% Correct
BaneMagnus
99%
Lightwood | TruebloodAlec
95%
Fairchild | MorgensternClarissa
95%
Herondale | Lightwood | Montclaire | WhitelawJace
92%
LewisSimon
92%
FairchildJonathan
91%
Lightwood | TruebloodIsabelle
90%
Fairchild | GraymarkLuke
90%
Lightwood | TruebloodMax
89%
CarstairsEmma
88%
CartwrightJon
88%
Carstairs | StarkweatherJem
87%
Fairchild | MorgensternValentine
87%
Carstairs | Gray | Herondale | +2 othersTessa
86%
Fairchild | Graymark | MorgensternJocelyn
85%
Herondale | StarkweatherWill
85%
Penhallow | VerlacSebastian
83%
BlackthornJulian
82%
Blackthorn | PenhallowHelen
81%
LightwoodRobert
79%
Blackthorn | Penhallow | VerlacAline
77%
Lightwood | TruebloodMaryse
77%
BlackthornTiberius
77%
Morgenstern | WaylandJonathan
76%
Branwell | FairchildCharlotte
75%
Branwell | FairchildHenry
75%
BlackthornMark
75%
Gray | HerondaleJames
73%
Gray | LovelaceJessamine
73%
BlackthornDrusilla
72%
BlackthornLivia
72%
HerondaleKit
71%
BlackthornOctavian
71%
Lightwood | PangbornGideon
68%
WaylandMichael
68%
LewisRebecca
67%
Herondale | LightwoodCecily
66%
Herondale | Lightwood | PangbornGabriel
66%
StarkweatherHodge
66%
Blackthorn | CarstairsJohn
65%
Penhallow | VerlacJia
64%
LovelaceSimon
64%
LightwoodAnna
63%
Herondale | Montclaire | WhitelawStephen
63%
AshdownCameron
62%
RosalesDiego
61%
Blackthorn | Lightwood | PangbornTatiana
61%
RosalesCristina
60%
Ashdown | LightwoodSophie
60%
GraymarkAmatis
59%
LightwoodChristopher
58%
Carstairs | Herondale | TownsendCordelia
58%
BlackthornArthur
57%
Lightwood | PangbornBenedict
57%
TownsendEmma
57%
Herondale | WhitelawImogen
57%
FadeMalcolm
57%
LightwoodRafael
56%
LightwoodThomas
56%
Herondale | Montclaire | WhitelawCéline
55%
Blackthorn | Gray | HerondaleLucie
55%
GrayNate
55%
Lovelace | WaylandGeorge
54%
Blackthorn | Cartwright | LightwoodGrace
54%
Branwell | FairchildMatthew
54%
Blackthorn | Lightwood | MonteverdeAndrew
53%
BlackthornAnnabel
53%
Branwell | FairchildCharles
52%
MooreNate
52%
LightwoodAlexander
50%
Lightwood | PangbornBarbara
48%
Fairchild | Moore | StarkweatherAdele
47%
Fairchild | StarkweatherAloysius
47%
CarstairsElias
47%
RosalesJaime
47%
CarstairsAlastair
46%
HerondaleEdmund
46%
LewisElaine
46%
WaylandEliza
45%
LightwoodRupert
45%
HerondaleTobias
45%
Gray | Moore | StarkweatherElizabeth
44%
HerondaleElla
44%
Penhallow | VerlacPatrick
44%
HerondaleWilliam
43%
HerondaleLinette
42%
HerondaleLydia
42%
Blackthorn | HerondaleEva
40%
LightwoodEugenia
39%
Blackthorn | HerondaleJesse
39%
Herondale | WhitelawMarcus
39%
GraymarkCleophas
38%
CarstairsSona
38%
Carstairs | HerondaleOwen
37%
FairchildCallida
36%
FairchildGranville
36%
HerondaleJohnny
35%
MorgensternAmalia
34%
BranwellBuford
33%
SafarKadir
33%
CarstairsKe Wen Yu
33%
BlackthornNerissa
33%
MooreHarriet
32%
WaylandJosiah
32%
LightwoodPhoebe
32%
RosalesTomas
32%
Cartwright | LightwoodIsidore
31%
SafarMalik
31%
PangbornSilas
31%
Lightwood | MonteverdeCatia
30%
PangbornEmil
30%
CarstairsJonah
30%
Gray | Moore | StarkweatherRichard
30%
BlackthornEleanor
29%
Fairchild | MorgensternRoderick
29%
CartwrightIrina
28%
PontmercyJeremy
28%
WhitelawAdam
27%
VerlacÉlodie
27%
Branwell | WhitelawRachel
27%
MonteverdeSenhor
27%
BlackthornTristan
27%
BlackthornAdelaide
26%
PontmercyJosiane
26%
MonteverdeSenhora
26%
PenhallowVivianne
26%
PenhallowElise
25%
AshdownFrederick
25%
WhitelawMarian
25%
BlackthornMarjorie
25%
TownsendRosamund
25%
PangbornAnson
23%
CartwrightClive
23%
LightwoodFelicia
23%
MorgensternSeraphine
21%
WhitelawArabella
20%
GraymarkEdgar
20%
AshdownDean
17%

Score Distribution

Percentile by Number Answered

Percent of People with Each Score

Your Score History

You have not taken this quiz since the last reset